[Event "DOM-chT"]
[Site "Santiago de los Caballeros"]
[Date "2017.08.18"]
[Round "2.1"]
[White "Mendez, Ruddy Antonio"]
[Black "Martinez, Bienvenido"]
[Result "1-0"]
[WhiteElo "2083"]
[BlackElo "1934"]
[PlyCount "63"]
[EventDate "2017.08.17"]
[EventType "team-swiss"]
[EventRounds "6"]
[EventCountry "DOM"]
[SourceTitle "EXT 2019"]
[Source "ChessBase"]
[SourceDate "2018.10.10"]
[SourceVersion "1"]
[SourceVersionDate "2018.10.10"]
[SourceQuality "1"]
[WhiteTeam "San Juan de la Maguana"]
[BlackTeam "Monsenor Nouel"]
[WhiteTeamCountry "DOM"]
[BlackTeamCountry "DOM"]

1. d4 Nf6 2. Nc3 g6 3. e4 d6 4. Bf4 Bg7 5. Qd2 h6 6. h4 c6 7. 0-0-0 b5 8. f3 a5 9. Qe3 Qb6 10. d5 c5 11. Bxb5+ Bd7 12. a4 Bxb5 13. Nxb5 Nfd7 14. Ne2 Na6 15. c3 Nc7 16. c4 Nxb5 17. cxb5 Rc8 18. Kb1 Qb8 19. Nc3 Nb6 20. Rhe1 Nc4 21. Qd3 Nb6 22. h5 g5 23. Bc1 c4 24. Qc2 Be5 25. Be3 Nd7 26. Qf2 Nc5 27. Bxc5 Rxc5 28. g3 Qb6 29. Re2 Qb8 30. f4 Bg7 31. e5 dxe5 32. Qxc5 1-0